The chemical basis of life: (Record no. 2145)
[ view plain ]
| 000 -LEADER | |
|---|---|
| fixed length control field | 00854pam a2200241 4500 |
| 001 - CONTROL NUMBER | |
| control field | 1723437 |
| 005 - DATE AND TIME OF LATEST TRANSACTION | |
| control field | 20241213124403.0 |
| 008 - FIXED-LENGTH DATA ELEMENTS--GENERAL INFORMATION | |
| fixed length control field | 730530s1973 caua b 001 0 eng |
| 020 ## - INTERNATIONAL STANDARD BOOK NUMBER | |
| International Standard Book Number | 0716708825 |
| 020 ## - INTERNATIONAL STANDARD BOOK NUMBER | |
| International Standard Book Number | 0716708817 (pbk.) |
| 050 00 - LIBRARY OF CONGRESS CALL NUMBER | |
| Classification number | QH501 |
| Item number | .H35 |
| 082 00 - DEWEY DECIMAL CLASSIFICATION NUMBER | |
| Classification number | 574.8/8 |
| 100 1# - MAIN ENTRY--PERSONAL NAME | |
| Personal name | Hanawalt, Philip C., |
| Dates associated with a name | 1931- |
| Relator term | compiler. |
| 245 14 - TITLE STATEMENT | |
| Title | The chemical basis of life: |
| Remainder of title | an introduction to molecular and cell biology; readings from Scientific American. |
| Statement of responsibility, etc. | With introductions by Philip C. Hanawalt and Robert H. Haynes. |
| 260 ## - PUBLICATION, DISTRIBUTION, ETC. | |
| Place of publication, distribution, etc. | San Francisco, |
| Name of publisher, distributor, etc. | W. H. Freeman |
| Date of publication, distribution, etc. | [1973] |
| 300 ## - PHYSICAL DESCRIPTION | |
| Extent | viii, 405 p. |
| Other physical details | illus. |
| Dimensions | 30 cm. |
| 650 #0 - SUBJECT ADDED ENTRY--TOPICAL TERM | |
| Topical term or geographic name entry element | Molecular biology. |
| 650 #0 - SUBJECT ADDED ENTRY--TOPICAL TERM | |
| Topical term or geographic name entry element | Cytology. |
| 650 #2 - SUBJECT ADDED ENTRY--TOPICAL TERM | |
| Topical term or geographic name entry element | Biochemistry |
| General subdivision | Collected works. |
| 650 #2 - SUBJECT ADDED ENTRY--TOPICAL TERM | |
| Topical term or geographic name entry element | Molecular biology |
| General subdivision | Collected works. |
| 700 1# - ADDED ENTRY--PERSONAL NAME | |
| Personal name | Haynes, Robert H., |
| Dates associated with a name | 1931- |
| Relator term | compiler. |
| 942 ## - ADDED ENTRY ELEMENTS (KOHA) | |
| Source of classification or shelving scheme | Library of Congress Classification |
| Koha item type | Books |
| Suppress in OPAC | No |
| 999 ## - | |
| -- | 2145 |
| -- | 2145 |
| Withdrawn status | Lost status | Source of classification or shelving scheme | Damaged status | Not for loan | Collection | Home library | Current library | Shelving location | Date acquired | Total checkouts | Full call number | Barcode | Date last seen | Copy number | Price effective from | Koha item type |
|---|---|---|---|---|---|---|---|---|---|---|---|---|---|---|---|---|
| Library of Congress Classification | Non-fiction | Science Library (Miotso) | Science Library (Miotso) | General stacks | 12/13/2024 | QH501 .H35 HAN | SLM00001318 | 12/13/2024 | 1 | 12/13/2024 | Books |